Natural language processing for the World Wide Web : [technical report] : papers from the 1997 AAAI Symposium, March 24-26, Stanford, California

Αποθηκεύτηκε σε:
Λεπτομέρειες βιβλιογραφικής εγγραφής
Συλλογικό Έργο: AAAI Spring Symposium Stanford, Calif., American Association for Artificial Intelligence
Μορφή: Πρακτικό Συνεδρίου Βιβλίο
Γλώσσα:English
Δημοσίευση: Menlo Park, Calf. : AAAI Press, c1997.
Θέματα:
Ετικέτες: Προσθήκη ετικέτας
Δεν υπάρχουν, Καταχωρήστε ετικέτα πρώτοι!

MARC

LEADER 00000cam a2200000 i 4500
001 1/25872
008 020724s1997 cau| ||| |||| ||eng||
020 |a 1577350251 
035 |l 10068145 
040 |a GR-MyUa  |b gre  |e AACR2 
041 0 |a eng 
082 7 |a 006.35   |2 (22) 
111 2 |a AAAI Spring Symposium   |d (1997 :   |c Stanford, Calif.) 
245 1 0 |a Natural language processing for the World Wide Web :   |b [technical report] : papers from the 1997 AAAI Symposium, March 24-26, Stanford, California /   |c sponsored by American Association for Artificial Intelligence. 
260 |a Menlo Park, Calf. :   |b AAAI Press,   |c c1997. 
300 |a viii, 158 σ. ;   |c 28 εκ. 
504 |a Περιλαμβάνει βιβλιογραφικές παραπομπές. 
650 0 |a Natural language processing (Computer science) 
650 0 |a World Wide Web. 
710 2 |a American Association for Artificial Intelligence. 
852 |a INST  |b SAMOS  |e 20020724  |h 006.35 NAT  |p 005300021461  |q 005300021461  |t BK  |y 0 
852 |a INST  |b SAMOS  |e 20020724  |h 006.35 NAT  |p 005300021462  |q 005300021462  |t BK  |y 0 
852 |a INST  |b SAMOS  |e 20020724  |h 006.35 NAT  |p 005300021463  |q 005300021463  |t BK  |y 0 
901 |a BIBL3-2002-2 
922 |a 3ΕΛΗ  |b 200007  |c ΤΠΕΣ/ΠΟΛ2  |d LEADER 
970 |a ΠΟΥΡΝΑΡΑΣ  |b ΔΗΜΗΤΡΗΣ  |z 2002/07/24